[Event "Titled Tuesday intern op 12th Apr Late"]
[Site "Chess.com INT"]
[Date "2022.04.12"]
[Round "1"]
[White "Janaszak, Dawid"]
[Black "Afshar, Niusha"]
[Result "1-0"]
[WhiteElo "2334"]
[BlackElo "1943"]
[PlyCount "101"]
[EventDate "2022.04.12"]
[EventType "swiss (blitz)"]
[EventRounds "11"]
[EventCountry "USA"]
[SourceTitle "CBM 207 Extra"]
[Source "ChessBase"]
[SourceDate "2022.05.31"]
[SourceVersion "1"]
[SourceVersionDate "2022.05.31"]
[SourceQuality "1"]

1. e4 c5 2. Nc3 Nc6 3. Bb5 d6 4. f4 Bd7 5. Nf3 a6 6. Bxc6 Bxc6 7. 0-0 Nf6 8. Qe1 e6 9. d4 Be7 10. e5 dxe5 11. fxe5 Nd5 12. Qg3 0-0 13. Bh6 g6 14. Bxf8 Bxf8 15. Ne4 Bg7 16. c3 Ne3 17. Nxc5 Nxf1 18. Rxf1 b6 19. Nd3 Bb5 20. Rd1 Qc7 21. Ng5 h6 22. Ne4 Rd8 23. Nd6 Bxd3 24. Qxd3 Bf8 25. Ne4 Kg7 26. Qxa6 Qc6 27. Qe2 Ra8 28. a3 Rd8 29. Qf3 Be7 30. Rf1 Rf8 31. h3 Qb5 32. Rf2 Qc4 33. Kh2 b5 34. g3 Qb3 35. Kg2 Qc4 36. h4 h5 37. Qe2 Qd5 38. Kh2 Rc8 39. Qf3 Rf8 40. Nf6 Qb3 41. g4 hxg4 42. Qxg4 Rh8 43. Kg2 Qc4 44. Qf4 Qc6+ 45. Kg1 Qc7 46. Ne8+ Rxe8 47. Qxf7+ Kh6 48. Qxe8 Bxh4 49. Qh8+ Kg5 50. Rg2+ Kf5 51. Qxh4 1-0

[Event "Titled Tuesday intern op 12th Apr Late"]
[Site "Chess.com INT"]
[Date "2022.04.12"]
[Round "2"]
[White "Silvestre, Christian"]
[Black "Afshar, Niusha"]
[Result "1-0"]
[WhiteElo "1942"]
[BlackElo "1943"]
[PlyCount "95"]
[EventDate "2022.04.12"]
[EventType "swiss (blitz)"]
[EventRounds "11"]
[EventCountry "USA"]
[SourceTitle "CBM 207 Extra"]
[Source "ChessBase"]
[SourceDate "2022.05.31"]
[SourceVersion "1"]
[SourceVersionDate "2022.05.31"]
[SourceQuality "1"]

1. e4 c5 2. Nc3 Nc6 3. Bc4 e6 4. d3 d5 5. exd5 exd5 6. Bxd5 Bd7 7. Nf3 Nf6 8. Qe2+ Be7 9. 0-0 0-0 10. Bb3 a6 11. Re1 Bd6 12. Bg5 h6 13. Bh4 Re8 14. Qd2 Nd4 15. Nxd4 cxd4 16. Ne4 Nxe4 17. Rxe4 Qb6 18. Rae1 Rxe4 19. Rxe4 Bc6 20. Re1 Qc5 21. Bg3 Bxg3 22. hxg3 b5 23. Qf4 Rf8 24. Re5 Qd6 25. Rf5 Qd7 26. g4 a5 27. a3 a4 28. Ba2 g6 29. Rf6 Kg7 30. Rd6 Qb7 31. Qf6+ Kh7 32. Rxc6 Re8 33. Qxf7+ Qxf7 34. Bxf7 Re1+ 35. Kh2 Rb1 36. Bxg6+ Kg7 37. Be4 Rxb2 38. f4 Ra2 39. Rb6 Rxa3 40. Rxb5 Rc3 41. Ra5 a3 42. g5 hxg5 43. fxg5 Rxc2 44. Rxa3 Rf2 45. Ra7+ Kg8 46. g6 Rf6 47. Kg3 Rd6 48. Kf4 1-0

[Event "Asian-ch Amateur (Women)"]
[Site "Isfahan"]
[Date "2016.11.18"]
[Round "9.2"]
[White "Asadi, Motahare"]
[Black "Afshar, Niusha"]
[Result "1-0"]
[WhiteElo "2007"]
[BlackElo "1962"]
[PlyCount "77"]
[EventDate "2016.11.12"]
[EventType "swiss"]
[EventRounds "9"]
[EventCountry "IRI"]
[SourceTitle "EXT 2024"]
[Source "ChessBase"]
[SourceDate "2023.10.10"]
[SourceVersion "1"]
[SourceVersionDate "2023.10.10"]
[SourceQuality "1"]

1. e4 c5 2. Nf3 e6 3. d4 cxd4 4. Nxd4 Nf6 5. Nc3 Bb4 6. Bd3 d6 7. 0-0 0-0 8. Nb3 Bxc3 9. bxc3 Qc7 10. c4 Nbd7 11. Ba3 Nc5 12. e5 Nfd7 13. exd6 Qc6 14. Be2 Ne4 15. Qd3 Qa4 16. Bb2 f5 17. Qe3 Ndf6 18. Rfd1 Rd8 19. f3 Nxd6 20. Qg5 h6 21. Qg6 Qe8 22. Qg3 Nh5 23. Qf2 b6 24. c5 bxc5 25. Nxc5 Nb7 26. Na6 Qe7 27. Be5 Nd6 28. Qc5 Bxa6 29. Bxa6 Nc8 30. Rxd8+ Qxd8 31. Bb7 Nb6 32. Qc6 Rb8 33. Qxe6+ Kh8 34. Qxh6+ Kg8 35. Qe6+ Kh8 36. Ba6 Na4 37. Qh6+ Kg8 38. Bc4+ Kf8 39. Qd6+ 1-0

[Event "Asian-ch Amateur (Women)"]
[Site "Isfahan"]
[Date "2016.11.16"]
[Round "7.3"]
[White "Afshar, Niusha"]
[Black "Sandhya, Goli"]
[Result "1/2-1/2"]
[WhiteElo "1962"]
[BlackElo "1738"]
[PlyCount "65"]
[EventDate "2016.11.12"]
[EventType "swiss"]
[EventRounds "9"]
[EventCountry "IRI"]
[SourceTitle "EXT 2024"]
[Source "ChessBase"]
[SourceDate "2023.10.10"]
[SourceVersion "1"]
[SourceVersionDate "2023.10.10"]
[SourceQuality "1"]

1. e4 c5 2. c3 Nf6 3. e5 Nd5 4. d4 cxd4 5. Nf3 d6 6. cxd4 e6 7. Nc3 Nxc3 8. bxc3 Nc6 9. exd6 Bxd6 10. Bd3 Qa5 11. Bd2 Qc7 12. Qe2 Ne7 13. c4 Ng6 14. c5 Be7 15. h4 Bd7 16. Qe3 Bf6 17. Rc1 Bc6 18. Be4 Ne7 19. Bxc6+ Qxc6 20. 0-0 0-0 21. Rfe1 Rfd8 22. Qe4 Rd5 23. Bg5 Nf5 24. Bxf6 gxf6 25. g4 Ne7 26. Qf4 Kg7 27. Kh2 Ng6 28. Qg3 h6 29. h5 Ne7 30. Qf4 Rad8 31. Rb1 Qa6 32. Rb2 Nc6 33. Rd2 1/2-1/2

[Event "Asian-ch Amateur (Women)"]
[Site "Isfahan"]
[Date "2016.11.13"]
[Round "3.4"]
[White "Afshar, Niusha"]
[Black "Barghol, Fatemeh"]
[Result "1-0"]
[WhiteElo "1962"]
[BlackElo "1596"]
[PlyCount "91"]
[EventDate "2016.11.12"]
[EventType "swiss"]
[EventRounds "9"]
[EventCountry "IRI"]
[SourceTitle "EXT 2024"]
[Source "ChessBase"]
[SourceDate "2023.10.10"]
[SourceVersion "1"]
[SourceVersionDate "2023.10.10"]
[SourceQuality "1"]

1. e4 d5 2. exd5 Qxd5 3. Nc3 Qa5 4. d4 c6 5. Bc4 Nf6 6. Nf3 Bg4 7. Bd2 Qb6 8. Bxf7+ Kxf7 9. Ne5+ Kg8 10. Nxg4 Qxd4 11. Ne3 e6 12. Qe2 Na6 13. Nf5 Qd7 14. Ng3 Be7 15. Rd1 Rd8 16. 0-0 Kf7 17. Nce4 Rhe8 18. Ba5 Qc8 19. Bxd8 Rxd8 20. Ng5+ Kg8 21. Rxd8+ Bxd8 22. Qxe6+ Qxe6 23. Nxe6 Bb6 24. c3 Kf7 25. Ng5+ Kg6 26. N5e4 Ng4 27. h3 Ne5 28. Rd1 Nc5 29. Nxc5 Bxc5 30. Ne4 Be7 31. b3 Kf7 32. Nd6+ Bxd6 33. Rxd6 Ke7 34. Rd4 b6 35. f4 Nd7 36. Kf2 Nf6 37. Kf3 h5 38. Ra4 a5 39. b4 Nd5 40. bxa5 bxa5 41. c4 Nb6 42. Rxa5 g6 43. Ra6 Nxc4 44. Rxc6 Nd6 45. a4 Kd7 46. Rxd6+ 1-0

[Event "Barcelona Sant Marti op-A 18th"]
[Site "Barcelona"]
[Date "2016.07.15"]
[Round "3"]
[White "Yogit, S."]
[Black "Afshar, Niusha"]
[Result "1-0"]
[WhiteElo "2198"]
[BlackElo "1971"]
[PlyCount "83"]
[EventDate "2016.07.13"]
[EventType "swiss"]
[EventRounds "9"]
[EventCountry "ESP"]
[SourceTitle "CBM 173 Extra"]
[Source "ChessBase"]
[SourceDate "2016.08.29"]
[SourceVersion "1"]
[SourceVersionDate "2016.08.29"]
[SourceQuality "1"]

1. e4 c5 2. Nf3 Nc6 3. d4 cxd4 4. Nxd4 Nf6 5. Nc3 e6 6. Ndb5 Bb4 7. a3 Bxc3+ 8. Nxc3 d5 9. exd5 exd5 10. Bd3 0-0 11. 0-0 d4 12. Ne2 Bg4 13. f3 Bh5 14. Nf4 Bg6 15. Nxg6 hxg6 16. f4 Qd5 17. f5 Ne5 18. fxg6 fxg6 19. Bf4 Kh7 20. Bxe5 Qxe5 21. Qf3 Rae8 22. Qh3+ Qh5 23. Qxh5+ Nxh5 24. Rxf8 Rxf8 25. Re1 Nf6 26. Re7 Rb8 27. a4 a6 28. Kf2 Kh6 29. Ke2 g5 30. Kd2 g4 31. a5 b6 32. b4 Nd5 33. Re6+ g6 34. Rxg6+ Kh5 35. Rd6 Nxb4 36. Rxb6 Rxb6 37. axb6 Nc6 38. Bxa6 Kg5 39. Bb5 Nd8 40. Kd3 Ne6 41. Kc4 Nd8 42. Kxd4 1-0

[Event "Budapest Spring op"]
[Site "Budapest"]
[Date "2016.03.24"]
[Round "6"]
[White "Afshar, Niusha"]
[Black "Polyik, Peter"]
[Result "1/2-1/2"]
[WhiteElo "1937"]
[BlackElo "2267"]
[PlyCount "106"]
[EventDate "2016.03.18"]
[EventType "swiss"]
[EventRounds "9"]
[EventCountry "HUN"]
[SourceTitle "CBM 171 Extra"]
[Source "ChessBase"]
[SourceDate "2016.04.26"]
[SourceVersion "1"]
[SourceVersionDate "2016.04.26"]
[SourceQuality "1"]

1. e4 Nf6 2. Nc3 d5 3. exd5 Nxd5 4. Bc4 Nb6 5. Bb3 Nc6 6. Nf3 Bf5 7. a4 Na5 8. Ba2 e6 9. d3 Be7 10. Bd2 c5 11. Ne5 Bd6 12. Qe2 Nc6 13. Nxc6 bxc6 14. a5 Nd7 15. Ne4 Bc7 16. Bb3 0-0 17. Bc3 Rb8 18. h4 Rb5 19. Ba4 Rxa5 20. Bxa5 Bxa5+ 21. Kf1 Ne5 22. Ng3 Qd4 23. Nxf5 exf5 24. Bb3 Bb6 25. Re1 c4 26. Bxc4 Ng4 27. c3 Qf4 28. d4 c5 29. g3 Qb8 30. d5 h5 31. f3 Nf6 32. Kg2 f4 33. b3 fxg3 34. Qe5 Bc7 35. Qg5 Bf4 36. Qf5 Bd2 37. Rd1 Bxc3 38. Rd3 Qb4 39. Kxg3 Re8 40. Kh3 Bd4 41. Qg5 Re5 42. Qg3 Qb8 43. Re1 Qc8+ 44. Kg2 Rxe1 45. Qxe1 Qf5 46. d6 Qf4 47. Qe7 Qxh4 48. Bxf7+ Kh7 49. Rxd4 Qxd4 50. Be6 Qd2+ 51. Kf1 Qd1+ 52. Kf2 Qd2+ 53. Kf1 Qd1+ 1/2-1/2

[Event "Budapest FS03 FM"]
[Site "Budapest"]
[Date "2016.03.09"]
[Round "5"]
[White "Pesola, Jyrki"]
[Black "Afshar, Niusha"]
[Result "1/2-1/2"]
[WhiteElo "1944"]
[BlackElo "1937"]
[PlyCount "54"]
[EventDate "2016.03.05"]
[EventType "tourn"]
[EventRounds "9"]
[EventCountry "HUN"]
[SourceTitle "CBM 171 Extra"]
[Source "ChessBase"]
[SourceDate "2016.04.26"]
[SourceVersion "1"]
[SourceVersionDate "2016.04.26"]
[SourceQuality "1"]

1. e4 c5 2. Nf3 d6 3. d4 cxd4 4. Nxd4 Nf6 5. Nc3 a6 6. Bg5 e6 7. f4 h6 8. Bh4 Be7 9. Qf3 Nbd7 10. 0-0-0 Qc7 11. Bf2 b5 12. Bd3 Bb7 13. a3 Nc5 14. h4 Qa5 15. g4 b4 16. axb4 Qxb4 17. g5 Nfd7 18. Rhe1 Nxd3+ 19. Qxd3 Nc5 20. Qg3 h5 21. Qe3 Rb8 22. b3 Rc8 23. Kb2 a5 24. Ra1 Ba6 25. Na4 Bb7 26. c3 Nxa4+ 27. Rxa4 Qc5 1/2-1/2

[Event "IRI-ch (Women)"]
[Site "Tehran"]
[Date "2016.01.22"]
[Round "9"]
[White "Afshar, Niusha"]
[Black "Hamedi Nia, Vesal"]
[Result "1/2-1/2"]
[WhiteElo "1961"]
[BlackElo "1833"]
[PlyCount "38"]
[EventDate "2016.01.16"]
[EventType "swiss"]
[EventRounds "9"]
[EventCountry "IRI"]
[SourceTitle "CBM 170 Extra"]
[Source "ChessBase"]
[SourceDate "2016.02.25"]
[SourceVersion "1"]
[SourceVersionDate "2016.02.25"]
[SourceQuality "1"]

1. e4 c5 2. c3 d6 3. d4 Nf6 4. Bd3 g6 5. h3 Bg7 6. Nf3 0-0 7. 0-0 a6 8. a4 b6 9. Bf4 Bb7 10. d5 Nbd7 11. Na3 Qc7 12. Qe2 Nh5 13. Bh2 Rfe8 14. Qd2 Rac8 15. Rfe1 Rcd8 16. Rad1 Ra8 17. Ra1 Rad8 18. Rad1 Ra8 19. Ra1 Rad8 1/2-1/2

[Event "IRI-ch (Women)"]
[Site "Tehran"]
[Date "2016.01.17"]
[Round "3"]
[White "Ghazizadeh, Asana"]
[Black "Afshar, Niusha"]
[Result "1/2-1/2"]
[WhiteElo "1864"]
[BlackElo "1961"]
[PlyCount "114"]
[EventDate "2016.01.16"]
[EventType "swiss"]
[EventRounds "9"]
[EventCountry "IRI"]
[SourceTitle "CBM 170 Extra"]
[Source "ChessBase"]
[SourceDate "2016.02.25"]
[SourceVersion "1"]
[SourceVersionDate "2016.02.25"]
[SourceQuality "1"]

1. d4 Nf6 2. c4 e6 3. Nc3 Bb4 4. f3 d5 5. a3 Bxc3+ 6. bxc3 c5 7. cxd5 Nxd5 8. dxc5 Qa5 9. e4 Nf6 10. Be3 0-0 11. Kf2 Nfd7 12. Qb3 Na6 13. Bxa6 Qxa6 14. Ne2 Ne5 15. Rhd1 Bd7 16. Rd6 Bc6 17. a4 Rad8 18. Rxd8 Rxd8 19. Nd4 Nd3+ 20. Kg1 Nxc5 21. Qa3 Nd7 22. Qe7 Ra8 23. Nxc6 Qxc6 24. Rd1 Nf8 25. Qb4 a5 26. Qb3 Rc8 27. Bb6 g6 28. Kf1 Qxc3 29. Qxc3 Rxc3 30. Bxa5 Rc8 31. Be1 h5 32. Bg3 Kg7 33. Rb1 Ra8 34. Rb4 Nh7 35. Be5+ Kg8 36. Bc3 f6 37. Rc4 Kg7 38. Rc7+ Kh6 39. a5 Rb8 40. Bd2+ g5 41. Re7 e5 42. Bb4 Nf8 43. Rf7 Nh7 44. Ke2 Kg6 45. Rc7 g4 46. Bd2 gxf3+ 47. gxf3 Ng5 48. Be3 Ne6 49. Re7 Nd8 50. Bb6 Nc6 51. Rc7 Ra8 52. Rxb7 Nxa5 53. Ra7 Rxa7 54. Bxa7 Nc6 55. Be3 Nd8 56. Kd3 Ne6 57. h4 Kg7 1/2-1/2

[Event "IRI-ch (Women)"]
[Site "Tehran"]
[Date "2016.01.16"]
[Round "1"]
[White "Mahdian, Anousha"]
[Black "Afshar, Niusha"]
[Result "1/2-1/2"]
[WhiteElo "1811"]
[BlackElo "1961"]
[PlyCount "69"]
[EventDate "2016.01.16"]
[EventType "swiss"]
[EventRounds "9"]
[EventCountry "IRI"]
[SourceTitle "CBM 170 Extra"]
[Source "ChessBase"]
[SourceDate "2016.02.25"]
[SourceVersion "1"]
[SourceVersionDate "2016.02.25"]
[SourceQuality "1"]

1. c4 Nf6 2. Nc3 e6 3. e4 d5 4. cxd5 exd5 5. e5 d4 6. exf6 dxc3 7. Bb5+ c6 8. Qe2+ Be6 9. Bc4 cxd2+ 10. Bxd2 Qxf6 11. Nf3 Be7 12. 0-0 Bxc4 13. Qxc4 0-0 14. Rfe1 Qd6 15. Bf4 Qb4 16. Qxb4 Bxb4 17. Re4 a5 18. a3 Bc5 19. Rc1 Nd7 20. Ree1 b6 21. Red1 Nf6 22. Bd6 Rfd8 23. Bxc5 bxc5 24. Ne5 Rdb8 25. Nxc6 Rxb2 26. Rxc5 g6 27. Rxa5 Rxa5 28. Nxa5 Ra2 29. Nc4 Rc2 30. Nd6 Ra2 31. Nb5 Rb2 32. a4 Ne4 33. f3 Nc5 34. Nc3 Rc2 35. Ne4 1/2-1/2

[Event "Al Ain op 4th"]
[Site "Al Ain"]
[Date "2015.12.26"]
[Round "4"]
[White "Mammadzada, Gunay Vuqar Qizi"]
[Black "Afshar, Niusha"]
[Result "1/2-1/2"]
[WhiteElo "2341"]
[BlackElo "1961"]
[PlyCount "84"]
[EventDate "2015.12.23"]
[EventType "swiss"]
[EventRounds "9"]
[EventCountry "UAE"]
[SourceTitle "CBM 170 Extra"]
[Source "ChessBase"]
[SourceDate "2016.02.25"]
[SourceVersion "1"]
[SourceVersionDate "2016.02.25"]
[SourceQuality "1"]

1. e4 c5 2. Nf3 Nc6 3. d4 cxd4 4. Nxd4 Nf6 5. Nc3 e6 6. Ndb5 Bb4 7. a3 Bxc3+ 8. Nxc3 d5 9. exd5 exd5 10. Bd3 0-0 11. 0-0 d4 12. Ne2 Bg4 13. Bg5 Qd6 14. Qd2 Bxe2 15. Bf4 Qd5 16. Bxe2 Ne4 17. Qd3 Qf5 18. g3 Qg6 19. Bf3 Rfe8 20. Rfe1 f5 21. Re2 Re7 22. b4 a6 23. Rae1 Rae8 24. a4 Qe6 25. b5 axb5 26. axb5 Ne5 27. Bxe5 Qxe5 28. Rd1 Qc5 29. Rde1 Kf8 30. Bxe4 fxe4 31. Rxe4 Rxe4 32. Rxe4 Rxe4 33. Qxe4 Qxb5 34. Qxh7 Qe5 35. h4 b5 36. Kg2 Qd5+ 37. f3 d3 38. cxd3 b4 39. Qh8+ Kf7 40. Qb8 Qa2+ 41. Kh3 b3 42. Qc7+ Ke8 1/2-1/2

[Event "Qazvin op (Women) 18th"]
[Site "Qazvin"]
[Date "2015.08.16"]
[Round "4"]
[White "Afshar, Niusha"]
[Black "Hamedi Nia, Vesal"]
[Result "1/2-1/2"]
[WhiteElo "1981"]
[BlackElo "1853"]
[PlyCount "87"]
[EventDate "2015.08.14"]
[EventType "swiss"]
[EventRounds "11"]
[EventCountry "IRI"]
[SourceTitle "EXT 2016"]
[Source "ChessBase"]
[SourceDate "2015.10.08"]
[SourceVersion "1"]
[SourceVersionDate "2015.10.08"]
[SourceQuality "1"]

1. d4 d5 2. Nf3 Nf6 3. b3 Bf5 4. e3 e6 5. Ne5 Nbd7 6. g4 Be4 7. f3 Nxe5 8. dxe5 Nxg4 9. fxe4 Qh4+ 10. Kd2 0-0-0 11. exd5 Rxd5+ 12. Bd3 Bb4+ 13. Nc3 Nxe3 14. Qg1 Rxe5 15. a3 Qf4 16. Qg3 Bxc3+ 17. Kxc3 Nd5+ 18. Kb2 Qd4+ 19. c3 Nxc3 20. Qf4 Na4+ 21. Ka2 Nc3+ 22. Kb2 Ne4+ 23. Ka2 Rd8 24. Bxe4 Rxe4 25. Qf3 Qe5 26. Rb1 f5 27. Rb2 Red4 28. Bg5 R8d6 29. Rc1 Ra6 30. Qc3 Rc6 31. Qf3 Ra6 32. Qc3 Rc6 33. Qf3 Rxc1 34. Bxc1 Qd6 35. Qh5 Qc6 36. Qxh7 Qxc1 37. Qg8+ Rd8 38. Qxe6+ Kb8 39. Qxf5 a6 40. Rc2 Rd2 41. Qf8+ Ka7 42. Qc5+ Ka8 43. Qf8+ Ka7 44. Qc5+ 1/2-1/2

[Event "IRI-chT (Women) 8th"]
[Site "Qazvin"]
[Date "2014.12.30"]
[Round "2.2"]
[White "Afshar, Niusha"]
[Black "Behzad Nazif, Parva"]
[Result "1-0"]
[WhiteElo "1954"]
[BlackElo "1622"]
[PlyCount "63"]
[EventDate "2014.12.29"]
[EventType "team-tourn"]
[EventRounds "7"]
[EventCountry "IRI"]
[SourceTitle "CBM 164 Extra"]
[Source "ChessBase"]
[SourceDate "2015.03.02"]
[SourceVersion "1"]
[SourceVersionDate "2015.03.02"]
[SourceQuality "1"]
[WhiteTeam "Daneshgah Azad (W)"]
[BlackTeam "Nokhbegan Gilan (W)"]
[WhiteTeamCountry "IRI"]
[BlackTeamCountry "IRI"]

1. e4 e5 2. Nf3 Nc6 3. Bc4 Bc5 4. c3 Nf6 5. d4 exd4 6. e5 d5 7. Bb5 Ne4 8. cxd4 Bb6 9. Nc3 0-0 10. Qb3 Nxc3 11. Bxc6 bxc6 12. Qxc3 Bb7 13. 0-0 h6 14. Re1 a5 15. a4 Qd7 16. Qc2 Qg4 17. Be3 f6 18. h3 Qe4 19. Qd1 fxe5 20. Nxe5 c5 21. dxc5 d4 22. Nf3 Bxc5 23. Bxd4 Qc6 24. Qb3+ Kh8 25. Bxc5 Qxc5 26. Qxb7 Rab8 27. Qe4 Rxb2 28. Qe3 Qc2 29. Rec1 Qg6 30. Rxc7 Re8 31. Re7 Rxe7 32. Qxe7 1-0

[Event "Al Ain op 2nd"]
[Site "Al Ain"]
[Date "2013.12.23"]
[Round "5"]
[White "Gluckman, David"]
[Black "Afshar, Niusha"]
[Result "1-0"]
[WhiteElo "2237"]
[BlackElo "1992"]
[PlyCount "97"]
[EventDate "2013.12.19"]
[EventType "swiss"]
[EventRounds "9"]
[EventCountry "UAE"]
[SourceTitle "CBM 158 Extra"]
[Source "ChessBase"]
[SourceDate "2014.02.28"]
[SourceVersion "1"]
[SourceVersionDate "2014.02.28"]
[SourceQuality "1"]

1. e4 c5 2. Nf3 Nc6 3. Bb5 g6 4. 0-0 Bg7 5. Re1 Nf6 6. c3 0-0 7. h3 d5 8. e5 Ne8 9. d4 cxd4 10. cxd4 Qb6 11. Nc3 a6 12. Bf1 Nc7 13. Na4 Qa7 14. Be3 Ne6 15. Rc1 Bd7 16. Nc5 Nxc5 17. Rxc5 b6 18. Rc3 Qb7 19. Qd2 Rfc8 20. Bh6 Nd8 21. Bxg7 Kxg7 22. Nh2 Rxc3 23. bxc3 Qc6 24. Re3 b5 25. Rf3 Be6 26. Ng4 Bxg4 27. hxg4 Ne6 28. Rh3 Nf8 29. f4 f6 30. f5 g5 31. e6 Qd6 32. Rf3 Rb8 33. Qb2 b4 34. cxb4 Rxb4 35. Rb3 a5 36. Rxb4 axb4 37. Be2 h6 38. Bf3 Kg8 39. Qb3 Qb6 40. Qxd5 b3 41. axb3 Qb4 42. Kh2 Qd2 43. Qe4 Qc3 44. Qb7 Qe1 45. g3 Qf2+ 46. Bg2 h5 47. Qxe7 Nh7 48. Qf7+ Kh8 49. e7 1-0